000 00290nam a2200121Ia 4500
008 190722s9999 xx 000 0 und d
020 _a978-81-203-4821-9
100 _aSubhash Chandra Das
245 0 _aCorporate Governance
260 _aNew Delhi
_bPHI
_c2013
300 _a386
942 _cBK
999 _c875
_d875